「南」がつく市名 - Statistics

General Stats
  • This quiz has been taken 46 times
  • The average score is 22 of 25
Answer Stats
都道府県 市名 % Correct
鹿児島県 南九州市
95%
福島県 南相馬市
93%
新潟県 南魚沼市
93%
山梨県 南アルプス市
93%
長崎県 南島原市
93%
鹿児島県 南さつま市
93%
千葉県 南房総市
90%
京都府 南丹市
90%
兵庫県 南あわじ市
90%
富山県 南砺市
88%
大阪府 阪南市
88%
和歌山県 海南市
88%
宮崎県 日南市
88%
沖縄県 南城市
88%
神奈川県 南足柄市
85%
徳島県 阿南市
85%
高知県 南国市
85%
愛知県 江南市
83%
滋賀県 湖南市
83%
山口県 周南市
83%
大阪府 泉南市
80%
島根県 雲南市
80%
山形県 南陽市
78%
愛知県 碧南市
78%
高知県 香南市
78%
No matching quizzes found
Score Distribution
Percent of People with Each Score
Percentile by Number Answered
Your Score History
You have not taken this quiz